000 00410nam a2200157Ia 4500
008 130318s9999 xx 000 0 und d
020 _a521537711
082 _a005.12028 RAI/M
100 _aRaistrick, Chris
245 _aModel driven architecture with executable UML
260 _bCambridge
_aUnited Kingdom
_c2004
300 _a392
_e1 CD
650 _aUML
700 _aFrancis, Paul
700 _aWright, John
999 _c816
_d816